| 000 | 00805cam a22002533a 4500 | ||
|---|---|---|---|
| 001 | 7450 | ||
| 003 | PGUSA | ||
| 005 | 20140828083145.0 | ||
| 008 | 050201s2005||||xxu|||||s|||||000 | eng d | ||
| 040 |
_aPGUSA _beng |
||
| 042 | _adc | ||
| 050 | 4 | _aDU | |
| 100 | 1 |
_aScott, Ernest, _cSir, _d1868-1939 |
|
| 245 | 1 | 0 |
_aTerre Napoleón; a History of French Explorations and Projects in Australia _h[electronic resource] / _cErnest, Scott |
| 260 |
_bProject Gutenberg, _c2005 |
||
| 506 | _aPublic domain in the USA. | ||
| 516 | _aElectronic text | ||
| 653 | _aNapoleon I, Emperor of the French, 1769-1821 | ||
| 653 | _aBaudin, Nicolas, 1754-1803 | ||
| 653 | _aAustralia -- Discovery and exploration | ||
| 830 | 0 |
_aProject Gutenberg _v7450 |
|
| 856 | 4 | 0 | _uhttp://www.gutenberg.org/ebooks/7450 |
| 942 | _cEB | ||
| 999 |
_c236770 _d236770 |
||